Principles and practice of Nursing senior Nursing procedure

Gardado en:
Detalles Bibliográficos
Autor Principal: CORREIA Cecy
Formato: Libro
Idioma:inglés
Publicado: Jaypee Brothers Medical 2013
Tags: Engadir etiqueta
Sen Etiquetas, Sexa o primeiro en etiquetar este rexistro!

MARC

LEADER 00000nam a22000007a 4500
008 210726b ||||| |||| 00| 0 eng d
020 |a 9789350901816 
100 |a CORREIA Cecy 
245 |a Principles and practice of Nursing  |b senior Nursing procedure  |c Cecy Correia  |g XVIII, 608p. : ill. 
260 |b Jaypee Brothers Medical  |c 2013  |h London   |i 696223  |i 696224  |l RT 71. C81  |m Nursing ... Study and teaching  
500 |a It includes index 
942 |a lcc  |c BK  |e ADEYEYE Y. S.  |f 26- 07 -2021 
952 |0 0  |1 0  |2 lcc  |4 0  |6 RT0071 C81  |7 0  |9 2829  |a HOL  |b HE  |c QZ  |d 2021-07-26  |l 0  |o RT 71 . C81  |p 2021-66491  |r 2021-07-26 00:00:00  |w 2021-07-26  |y BK 
952 |0 0  |1 0  |2 lcc  |4 0  |6 RT0071 C81  |7 0  |9 2830  |a HOL  |b HE  |c QZ  |d 2021-07-26  |l 0  |o RT 71 . C81  |p 2021-66492  |r 2021-07-26 00:00:00  |w 2021-07-26  |y BK 
999 |c 1468  |d 1468